[Event "FRA-chTA U20 1011"]
[Site "France"]
[Date "2010.12.19"]
[Round "5.3"]
[White "Gerstenkorn, Jim David"]
[Black "Agussol, Lucas"]
[Result "1-0"]
[WhiteElo "1460"]
[BlackElo "1586"]
[PlyCount "123"]
[EventDate "2010.11.21"]
[EventType "team-tourn"]
[EventRounds "7"]
[EventCountry "FRA"]
[SourceTitle "EXT 2012"]
[Source "ChessBase"]
[SourceDate "2011.11.24"]
[SourceVersion "1"]
[SourceVersionDate "2011.11.24"]
[SourceQuality "1"]
[WhiteTeam "Lyon"]
[BlackTeam "Montpellier"]
[WhiteTeamCountry "FRA"]
[BlackTeamCountry "FRA"]

1. d4 e6 2. c4 d5 3. Nc3 c6 4. e3 Nf6 5. Nf3 Bd6 6. Bd3 dxc4 7. Bxc4 Nbd7 8. e4 e5 9. dxe5 Bxe5 10. Nxe5 Nxe5 11. Qxd8+ Kxd8 12. Be2 Kc7 13. Bf4 Re8 14. 0-0 b6 15. Rfd1 Bb7 16. Rac1 Rad8 17. Nb5+ Kc8 18. Nd6+ Kc7 19. Nxe8+ Rxe8 20. f3 Nfd7 21. Rd2 f6 22. Rcd1 Bc8 23. Ba6 Re7 24. Be2 Re8 25. Rc1 Bb7 26. Bb5 Nb8 27. Ba4 Rd8 28. Bxe5+ fxe5 29. Rcd1 Rxd2 30. Rxd2 Ba6 31. Kf2 c5 32. Bb3 c4 33. Bc2 Nc6 34. a3 Nd4 35. f4 Nxc2 36. Rxc2 exf4 37. Rd2 Bb7 38. Kf3 g5 39. Rd4 b5 40. Kg4 h6 41. Kh5 Bc8 42. Kxh6 g4 43. e5 f3 44. gxf3 gxf3 45. Rf4 Bb7 46. Kg7 Bd5 47. h4 a5 48. e6 Bxe6 49. Rxf3 b4 50. h5 Bg4 51. Rf7+ Kd6 52. h6 c3 53. bxc3 bxc3 54. h7 c2 55. h8Q c1Q 56. Qd8+ Ke5 57. Qxa5+ Kd4 58. Qb4+ Kd3 59. Qxg4 Qc3+ 60. Kh7 Kd2 61. Rf3 Qc7+ 62. Kh6 1-0

[Event "FRA-chTA U20 1011"]
[Site "France"]
[Date "2010.12.19"]
[Round "7.3"]
[White "Gerstenkorn, Jim David"]
[Black "Bandet, Raphael"]
[Result "0-1"]
[WhiteElo "1460"]
[BlackElo "1764"]
[PlyCount "80"]
[EventDate "2010.11.21"]
[EventType "team-tourn"]
[EventRounds "7"]
[EventCountry "FRA"]
[SourceTitle "EXT 2012"]
[Source "ChessBase"]
[SourceDate "2011.11.24"]
[SourceVersion "1"]
[SourceVersionDate "2011.11.24"]
[SourceQuality "1"]
[WhiteTeam "Lyon"]
[BlackTeam "Grenoble"]
[WhiteTeamCountry "FRA"]
[BlackTeamCountry "FRA"]

1. c4 e6 2. g3 Nf6 3. Nf3 d5 4. cxd5 exd5 5. d4 Bd6 6. Bg2 0-0 7. 0-0 c6 8. Nc3 Bf5 9. Bd2 Qb6 10. b3 Ba3 11. Bc1 Bb4 12. Bb2 Qa5 13. Qc1 Re8 14. e3 Nbd7 15. Nh4 Bg4 16. Qc2 Rac8 17. Ne2 c5 18. Qd3 c4 19. bxc4 dxc4 20. Qc2 c3 21. Bc1 Bxe2 22. Qxe2 Nb6 23. Bxb7 Rc7 24. Bg2 c2 25. a3 Rec8 26. Nf3 Nfd5 27. Bb2 Bc3 28. Qxc2 Bxd4 29. Qe2 Rc2 30. Qd3 Bxb2 31. Ra2 Nb4 32. axb4 Qxa2 33. Rd1 Rc1 34. Rxc1 Rxc1+ 35. Bf1 Rc8 36. Bh3 Qc4 37. Qd6 Qc7 38. Qd2 Qc1+ 39. Kg2 Qxd2 40. Nxd2 Rb8 0-1